=LDR 00000nam 2200000 4500 =001 000605 =005 20250711104316 =035 ##$$a 0010-0725000473 =007 ta =008 250711################a##########0#ind## =020 ##$$a 978-623-307-485-8 =082 ##$$a 398.209 598 =084 ##$$a 398.209 598 KAS t =100 #$$a Kasyap, Drishti =245 1#$$a Tambalan Tak Terlihat /$c Drishti Kasyap =250 ##$$a Cetakan Pertama =260 ##$$a Jakarta Timur :$b Badan Pengembangan dan Pembinaan Bahasa,$c 2022 =300 ##$$a 14 hlm : $b ilus. ; $c 29 cm =650 #4$$a Literasi-Bahan Bacaan =600 #4$$a Cerita anak Indonesia - Terjemahan =856 ##$$a TBM AS SUHADA =990 ##$$a TBM03680368